000 00687nam a2200253Ia 4500
003 OSt
005 20220925212921.0
006 a|||||r|||| 00| 0
007 ta
008 220923b |||||||| |||| 00| 0 eng d
020 _a0 485 11151 9
037 _cGeneral Book
040 _aRTL
_cRTL
_beng
041 _2eng
_aeng
082 _aT.3.N, L5
100 _aBrennan E J T Ed.
_9277618
245 0 _aEducation for national efficiency
_b The contributi
260 _aLondon
_bAthlone U K
_c1975
300 _a208p.
_ccm.
500 _aBib p. 186-90
650 _aEducation
942 _hT.3.N, L5
_cGB
_2CC
999 _c561572
_d561572